Famous People Known by Initials - Statistics

General Stats
  • This quiz has been taken 60 times
  • The average score is 8 of 13
Answer Stats
Hint Answer % Correct
JFK John Fitzgerald Kennedy
97%
FDR Franklin Delano Roosevelt
92%
MJ Michael Jackson | Michael Jordan
86%
OJ Orenthal James Simpson
85%
MLK Martin Luther King Jr.
83%
RFK Robert Francis Kennedy
83%
LBJ Lyndon Baines Johnson
75%
JKR Joanne Kathleen Rowling
54%
RBG Ruth Bader Ginsburg
47%
DJT Donald John Trump
44%
JCVD Jean-Claude Van Damme
44%
RDJ Robert Downey Jr.
34%
LKY Lee Kuan Yew
3%
No matching quizzes found
Score Distribution
Percent of People with Each Score
Percentile by Number Answered
Your Score History
You have not taken this quiz